Hľadajme východisko

Bibliographic Details
Main Author: Brosch, Ladislav (Author)
Format: Article
Language:Slovak
PhysicalDescription:Fotogr.
ISSN:0231-6463
Subjects:

MARC

LEADER 00000nab a2200000 ar4500
001 vtls008413830
003 SK-MaSNL
005 20260303070230.0
008 051206c2005 xo mr|p|||| |000 b|slo
015 |a SNBRB2005/12 
038 |a SPK 
040 |a SPKCL  |b slo  |c AACR2  |e AACR2 
041 0 |a slo 
044 |a xo  |c SK 
080 |a 316.624-053.2  |2 UDC-MRF-SK2 
080 |a 316.613.434  |2 UDC-MRF-SK2 
100 1 |a Brosch, Ladislav  |4 aut  |9 1007469 
245 1 0 |a Hľadajme východisko  |c Ladislav Brosch 
300 |b Fotogr. 
650 0 7 |a protispoločenské správanie   |2 spk  |9 49936 
650 0 7 |a násilie  |2 spk  |9 4763 
650 0 7 |a agresivita  |2 spk  |9 14196 
650 0 7 |a vzor  |2 spk  |9 1033546 
650 0 7 |a výchovné pôsobenie  |2 spk  |9 404139 
650 0 7 |a mládež  |2 spk  |9 1575 
773 0 |t Rodina a škola : mesačník pre rodičov a učiteľov  |g Roč. 53, č. 9 (2005), s. 12  |x 0231-6463 
852 |a SPK  |b KIS3GCP 
999 |c 1754491  |d 1756421